| 000 | 00773nam a22002177a 4500 | ||
|---|---|---|---|
| 999 |
_c5776 _d5776 |
||
| 003 | AR-CdUCM | ||
| 008 | 190313b ||||| |||| 00| 0 spa d | ||
| 040 |
_aMUNICIPALIDAD PROVINCIAL DEL CUSCO _cBIBLIOTECA MUNICIPAL DEL CUSCO |
||
| 082 |
_a985.061 / _bD48 |
||
| 100 |
_aDelgado, Luis Humberto _916656 |
||
| 245 |
_aHistoria de Grau : _bcon una "marcha a Grau" original de John Stuart Bruce, y un busto de Grau de Luis Agurto / |
||
| 260 |
_aLima : _bAmerican Express, _c1934 |
||
| 300 |
_a98 páginas ; _c17 cm. |
||
| 500 | _aDonación familia Nieto | ||
| 505 | _aContenido: La guerra cósmica -- Historia de Grau. | ||
| 650 |
_aHéroes del Perú. _917163 |
||
| 650 |
_aHistoria del Perú _9259 |
||
| 650 |
_aMiguel Grau _917028 |
||
| 942 |
_2ddc _cLIBROS |
||
| 945 | _aafb | ||